Livestock to 2020 : (Record no. 8345)

MARC details
000 -LEADER
fixed length control field 00713nam a22002172 4500
001 - CONTROL NUMBER
control field 0000012836
005 - DATE AND TIME OF LATEST TRANSACTION
control field 20151217152115.0
008 - FIXED-LENGTH DATA ELEMENTS--GENERAL INFORMATION
fixed length control field 090323s xx 000 0 eng d
020 ## - INTERNATIONAL STANDARD BOOK NUMBER
International Standard Book Number 0896296326 :
040 ## - CATALOGING SOURCE
Original cataloging agency KABU
Transcribing agency KABU
245 10 - TITLE STATEMENT
Title Livestock to 2020 :
Remainder of title the next food revolution /
Statement of responsibility, etc. Christopher Delgado ... [et al.].
250 ## - EDITION STATEMENT
Edition statement 1st ed.
260 ## - PUBLICATION, DISTRIBUTION, ETC. (IMPRINT)
Place of publication, distribution, etc. Washington, D. C. :
Name of publisher, distributor, etc. IFPRI,
Date of publication, distribution, etc. 1999.
300 ## - PHYSICAL DESCRIPTION
Extent viii, 72 p.
650 #0 - SUBJECT ADDED ENTRY--TOPICAL TERM
Topical term or geographic name as entry element Animal industry
Geographic subdivision Developing countries
General subdivision Planning.
-- 0000163802
650 #0 - SUBJECT ADDED ENTRY--TOPICAL TERM
Topical term or geographic name as entry element Livestock productivity.
-- 0000169795
700 1# - ADDED ENTRY--PERSONAL NAME
Personal name Delgado, Christopher.
-- 0000169796
852 1# - LOCATION
-- p200 KES
908 ## - PUT COMMAND PARAMETER (RLIN)
Put command parameter 090323
950 ## - LOCAL HOLDINGS (RLIN)
-- 1
Holdings
Withdrawn status Lost status Source of classification or shelving scheme Not for loan Home library Current library Date acquired Total Checkouts Full call number Barcode Date last seen Price effective from Koha item type
    Library of Congress Classification   Kabarak, Main Campus Kabarak, Main Campus 17/12/2015   HD9410.5 .D43L58 1999 c. 1 17301 02/08/2024 17/12/2015 General Collection
Designed with assistance from East African Informatics Ltd